00888nam a2200217Ia 4500003000900000008004100009020002200050040001600072080001700088100002800105245017900133260004800312300001300360490004900373650004100422650003100463650002700494942000700521999001700528952012500545IN-BaIIA211028s9999 xx 000 0 eng d a978-0-521-31177-9 cIIA Library a530.145bCOL aCollins, John C.918627 0aRenormalizationban introduction to renormalization, the renormalization group, and the operator-product expansioncJohn C. Collins  aCambridgebCambridge University Pressc1992 ax, 380p. aCambridge monographs on mathematical physics aAstronomy and astrophysics thesaurus aQuantum field theory96197 aRenormalization918628 cBK c10891d10891 00104070aBANbBANcGENd1994-02-22g1061.07l0o530.145/ COLp11803r2021-11-05v1061.07w1994-02-22yBKGRs. 1061.07